00525nam a2200145 i 4500001000700000003000900007005001700016008004100033100004100074245013700115260005500252300002100307710002600328852002500354183686ES-MaACL20230906221943.0140923s1911 sp |||| | spa d0 aPeñalba Alonso de Ojeda, Matías.10aCastilla y su deber b: conferencia dada en el Ateneo de Valladolid el 4 de mayo de 1911 / cpor Matías Peñalba Alonso de Ojeda. aValladolid : b[s.n.], c1911 (fImpr. Castellana) a30 p. ; c21 cm.2 aAteneo de Valladolid. aES-MaACLjT-1376-F-4